Anatomy of Law (Record no. 1320414)

MARC details
000 -LEADER
fixed length control field 00453nam a22001817a 4500
005 - DATE AND TIME OF LATEST TRANSACTION
control field 20250508144113.0
008 - FIXED-LENGTH DATA ELEMENTS--GENERAL INFORMATION
fixed length control field 250508b |||||||| |||| 00| 0 eng d
040 ## - CATALOGING SOURCE
Original cataloging agency LCO
Transcribing agency LCO
084 ## - COLON CLASSIFICATION NUMBER
Classification number Z3,91 K8
Assigning agency LCO
100 ## - MAIN ENTRY--PERSONAL NAME
Personal name Fuller, L.L.
245 ## - TITLE STATEMENT
Title Anatomy of Law
260 ## - PUBLICATION, DISTRIBUTION, ETC.
Place of publication, distribution, etc. U.S.A.
Name of publisher, distributor, etc. Connectiat
Date of publication, distribution, etc. 1968
300 ## - PHYSICAL DESCRIPTION
Extent 122
650 ## - SUBJECT ADDED ENTRY--TOPICAL TERM
Source of heading or term Law
942 ## - ADDED ENTRY ELEMENTS (KOHA)
Source of classification or shelving scheme Colon Classification (CC)
Koha item type Textbook
Classification part Z3,91 K8
Suppress in OPAC No
Holdings
Withdrawn status Lost status Source of classification or shelving scheme Damaged status Not for loan Home library Current library Date acquired Total Checkouts Date last seen Price effective from Koha item type
    Colon Classification (CC)     Law Centre-I Library Law Centre-I Library 2025-05-08   2025-05-08 2025-05-08 Textbook
Copyright @ Delhi University Library System